000 00506nam a2200193Ia 4500
001 7693
003 GE_BSU
008 181216s||||||||xx |||||||||||||| ||und||
040 _cGE_BSU
245 _aВопросы философии. №7 2013.
245 _cГл.ред. Пружинин Б.И.
260 _aМосква.
260 _bнаука
260 _c2013.
300 _a192ст;24см.
653 _aВопросы философии
653 _aპერიოდიკა
942 _cCR
999 _c41044
_d41044